Thierry Paquot et Chris Younès (dir.), Philosophie de l’environnement et milieux urbains, Paris, La Découverte, 2010, 184 p. (notice n° 1657833)
[ vue normale ]
| 000 -LEADER | |
|---|---|
| fixed length control field | 01651cam a2200169 4500500 |
| 005 - DATE AND TIME OF LATEST TRANSACTION | |
| control field | 20260208010716.0 |
| 041 ## - LANGUAGE CODE | |
| Language code of text/sound track or separate title | fre |
| 042 ## - AUTHENTICATION CODE | |
| Authentication code | dc |
| 100 10 - MAIN ENTRY--PERSONAL NAME | |
| Personal name | Lorvellec, Yves |
| Relator term | author |
| 245 00 - TITLE STATEMENT | |
| Title | Thierry Paquot et Chris Younès (dir.), Philosophie de l’environnement et milieux urbains, Paris, La Découverte, 2010, 184 p. |
| 260 ## - PUBLICATION, DISTRIBUTION, ETC. | |
| Date of publication, distribution, etc. | 2011.<br/> |
| 500 ## - GENERAL NOTE | |
| General note | 84 |
| 520 ## - SUMMARY, ETC. | |
| Summary, etc. | RésuméNous proposons de montrer une rupture que la tradition interprétative médiévale du passage 16a3-8 du De interpretatione a subie dans la seconde moitié du xiiie siècle. On met ainsi en évidence que, dans cette même période, s’est façonnée une nouvelle théorie de la signification, qu’on retrouve notamment dans l’œuvre de théologiens franciscains ou proches des idées franciscaines, opposée sur des points fondamentaux à celle qui a été transmise par Boèce dans son deuxième commentaire du De interpretatione. |
| 520 ## - SUMMARY, ETC. | |
| Summary, etc. | The aim of this article is to describe a rupture that occurred in the second half of the 13th century concerning the interpretation of the passage 16a3-8 of the De interpretatione. We also discuss a new theory of signification which arose during the same period, a theory found in the works of Franciscan theologians or of theologians close to the Franciscan tradition. This theory is fundamentally opposed to the one transmitted by Boethius in his second commentary on the De interpretatione. |
| 786 0# - DATA SOURCE ENTRY | |
| Note | Revue philosophique de la France et de l'étranger | 136 | 1 | 2011-03-16 | p. 85a-86a | 0035-3833 |
| 856 41 - ELECTRONIC LOCATION AND ACCESS | |
| Uniform Resource Identifier | <a href="https://shs.cairn.info/revue-philosophique-2011-1-page-85a?lang=fr&redirect-ssocas=7080">https://shs.cairn.info/revue-philosophique-2011-1-page-85a?lang=fr&redirect-ssocas=7080</a> |
Pas d'exemplaire disponible.




Réseaux sociaux